00718nam a2200193 a 450000100060000000300090000600800410001504000280005608200180008410000200010224500770012226000540019930000070025349000290026050501010028965000430039065000470043365000440048021892CO-ViMGA141112s2004 ck r 000 u spa d aCO-ViMGAbspacCO-ViMGA04a301.633 M624a1 aMockus, Antanas10aAcción violenta : bRespuesta de la sociedad civil al conflicto armado aBogotá : bAlcaldía Mayor de Bogotá, c2002 a31 aApuntes de la Alcaldía aLos límites de la guerra 6 - - Sanción al terrorismo 9 - - Actuar de manera no violenta 12 14aCONFLICTO ARMADO - Bogotá (COLOMBIA)14aMOVIMIENTOS SOCIALES - Bogotá (COLOMBIA)14aRESISTENCIA CIVIL - Bogotá (COLOMBIA)